แสดงรายละเอียดบรรณานุกรม
  กลับหน้าหลัก

Brief Record : Get Marc (ISO 2709) : E-mail record : QR code ปิดหน้าต่าง
E-books : เกี่ยวกับ Collections
LEADER 00000nam 2200000uu 4500
001    205778
003     ULIBM
008    110110s2553||||th 000 0 tha d
020    978-616-11-0461-0
060  0 WY 100 ร375ข 2553.
100 0  ^aรัตนา พงษ์วานิชอนันต์.
245 00 ^aไขพลังหลัง "ตัวเลข" เครือข่ายข้อมูลข่าวสารโรคมะเร็งไทย/^bรัตนา พงษ์วานิชอนันต์.
260    ^aนนทบุรี : ^bบริษัท ที คิว พี จำกัด,^c2553.
300    ^aจำนวน 69 หน้า ;^bภาพประกอบ.
500    ^aหนังสือต้นคิด ชุด ก้าวใหม่ HISO
650  0 ^aข้อมูลข่าวสาร - - ^xเครือข่ายโรคมะเร็ง - - ^zไทย.
650  0 ^aโรคมะเร็ง.
650  0 ^aระบบข้อมูลสุขภาพ.
710 1  ^aสำนักงานพัฒนาระบบข้อมูลข่าวสารสุขภาพ.
999    ^aใช้งานได้ทุกระบบ
รายการนี้ยังไม่มีแท็ก
คุณยังไม่ได้ล็อกอิน คุณสามารถมีกิจกรรมร่วมกับเว็บไซต์ได้ แต่ต้องล็อกอินก่อน ::
  ล็อกอิน
ลำดับที่ ประเภท เลขเรียก สถานที่ สถานะ
- ไม่พบข้อมูล -
   [แสดง 1/1 รายการ]

BibComment


ยังไม่เคยถูกคอมเมนท์

คอมเมนท์ทรัพยากรรายการนี้
  คอมเมนท์: ไขพลังหลัง ตัวเล..
Bib 205778

 
 
 

 Union Library Management : ULibM
Copyright 2026. All Rights Reserved.
скачать бесплатно без регистрации порно красивый секс HD Sex Hindi sex

xxx gou

xxxx

bfxxx

xxxwww

Секса Видео

xxxx

Секса Видео

detube

geilexxx

C99 Shell

worms shell

blod xxx video
Ebony Coed Rihanna Rimes Takes A Dick In Her Young Twat priyaa indian fuck anal and pusssy hardcore indian women xxx desi hardcore fucking part 1 bengalixxxcouple